00436cam a22001457a 4500008004000000020001800040082001700058100001900075245007100094260002600165300001000191650003700201650002600238650002600264180718b2013 xxu||||| |||| 00| 0 eng d a9789382302926 aC41x54 Sh23p aSharma, Karuna aPrevention of human rights violations and abusescby Karuna Sharma aNew DelhibAlfac2013 a321p. aIndia -- Politics and government aHuman rights -- India aCivil rights -- India